Materials for the study of the Bábí religion / (Record no. 33147)
[ view plain ]
| 000 -LEADER | |
|---|---|
| fixed length control field | 00858nam a2200277 a 4500 |
| 001 - CONTROL NUMBER | |
| control field | 33147 |
| 003 - CONTROL NUMBER IDENTIFIER | |
| rucl marc code | BD-RjUL |
| 005 - DATE AND TIME OF LATEST TRANSACTION | |
| control field | 20211209051944.0 |
| 008 - FIXED-LENGTH DATA ELEMENTS--GENERAL INFORMATION | |
| fixed length control field | 140430r19611918enkcfh b 001 0 eng d |
| 035 ## - SYSTEM CONTROL NUMBER | |
| System control number | (BD-RjUL)33238 |
| 040 ## - CATALOGING SOURCE | |
| Original cataloging agency | BNG |
| Transcribing agency | BNG |
| Language of cataloging | eng |
| Modifying agency | BD-RjUL |
| 041 ## - LANGUAGE CODE | |
| Language code of text/sound track or separate title | eng |
| 082 00 - DEWEY DECIMAL CLASSIFICATION NUMBER | |
| Author mark and year | MAT 1961 |
| Classification number | 297.88 |
| 090 ## - LOCALLY ASSIGNED LC-TYPE CALL NUMBER (OCLC); LOCAL CALL NUMBER (OCLC) | |
| Classification number (OCLC) (R) ; Classification number, CALL (RLIN) (NR) | BP320 |
| Local cutter number (OCLC) ; Book number/undivided call number, CALL (RLIN) | .B7 |
| 245 10 - TITLE STATEMENT | |
| Title | Materials for the study of the Bábí religion / |
| Statement of responsibility, etc. | compiled by Edward G. Browne. |
| 246 18 - VARYING FORM OF TITLE | |
| Title proper/short title | Babi religion |
| 260 ## - PUBLICATION, DISTRIBUTION, ETC. (IMPRINT) | |
| Place of publication, distribution, etc. | Cambridge : |
| Name of publisher, distributor, etc. | The University press, |
| Date of publication, distribution, etc. | 1961. |
| 300 ## - PHYSICAL DESCRIPTION | |
| Pagination | xxiv, 380p. : |
| Illustrations | front., pl., ports., facsims. ; |
| Size | 19 cm. |
| 500 ## - GENERAL NOTE | |
| General note | "First printed 1918." |
| General note | On spine: The Babi Religion. |
| 504 ## - BIBLIOGRAPHY, ETC. NOTE | |
| Bibliography, etc | Include index and Bibliographical footnotes. |
| 650 #0 - SUBJECT ADDED ENTRY--TOPICAL TERM | |
| Topical term or geographic name as entry element | Babism |
| 9 (RLIN) | 100690 |
| Topical term or geographic name as entry element | Bahai Faith |
| 9 (RLIN) | 100343 |
| 700 1# - ADDED ENTRY--PERSONAL NAME | |
| Personal name | Browne, Edward G. |
| 942 ## - ADDED ENTRY ELEMENTS (KOHA) | |
| Source of classification or shelving scheme | Dewey Decimal Classification |
| Koha item type | Books |
| Lost status | Source of classification or shelving scheme | Damaged status | Not for loan | Collection code | Permanent Location | Current Location | Shelving location | Date acquired | Total Checkouts | Full call number | Date last seen | Copy number | Koha item type |
|---|---|---|---|---|---|---|---|---|---|---|---|---|---|
| Dewey Decimal Classification | Not For Loan | Non-fiction | Central Library, University of Rajshahi | Central Library, University of Rajshahi | Reading Room | 24/01/1964 | 297.88 MAT 1961 | 30/04/2014 | C-1 | Books |